[Event "Dieren op"]
[Site "Dieren"]
[Date "2008.07.25"]
[Round "4"]
[White "Van den Dikkenberg, Erik"]
[Black "Monteban, Martijn"]
[Result "0-1"]
[WhiteElo "2131"]
[BlackElo "2280"]
[PlyCount "80"]
[EventDate "2008.07.22"]
[EventType "swiss"]
[EventRounds "9"]
[EventCountry "NED"]
[SourceTitle "CBM 125 Extra"]
[Source "ChessBase"]
[SourceDate "2008.09.01"]
[SourceVersion "1"]
[SourceVersionDate "2008.09.01"]
[SourceQuality "1"]

1. e4 c5 2. Nf3 d6 3. d4 cxd4 4. Nxd4 Nf6 5. Nc3 a6 6. Bc4 e6 7. 0-0 Be7 8. Qf3 Nbd7 9. Qg3 Ne5 10. Bb3 0-0 11. Kh1 Bd7 12. f4 Nc6 13. Nxc6 Bxc6 14. f5 Nxe4 15. Nxe4 Bxe4 16. fxe6 fxe6 17. Bxe6+ Kh8 18. Bd2 Rf6 19. Rxf6 Bxf6 20. Rf1 Qe7 21. Qg4 Bxc2 22. Rc1 Bg6 23. Bd5 Bxb2 24. Re1 Rf8 25. h3 Be5 26. Bg5 Qc7 27. Qd1 h6 28. Be3 b5 29. Rf1 Rxf1+ 30. Qxf1 Qe7 31. Qc1 Qf8 32. Kg1 Bd3 33. Qd1 Qf5 34. Qc1 Be4 35. Bb3 Kh7 36. Qc7 Bd3 37. Bf2 Bc4 38. Bxc4 bxc4 39. Qxc4 Qb1+ 40. Qf1 Bh2+ 0-1

[Event "Haarlem BDO-B"]
[Site "Haarlem"]
[Date "2006.08.??"]
[Round "6"]
[White "Van Nies, Pauline"]
[Black "Monteban, Martijn"]
[Result "1/2-1/2"]
[WhiteElo "2113"]
[BlackElo "2273"]
[PlyCount "141"]
[EventDate "2006.08.26"]
[EventType "tourn"]
[EventRounds "9"]
[EventCountry "NED"]
[SourceTitle "EXT 2015"]
[Source "ChessBase"]
[SourceDate "2014.11.20"]
[SourceVersion "1"]
[SourceVersionDate "2014.11.20"]
[SourceQuality "1"]

1. e4 e5 2. Nf3 Nc6 3. Bb5 Nf6 4. 0-0 Nxe4 5. Re1 Nd6 6. Nxe5 Be7 7. Nxc6 dxc6 8. Bf1 0-0 9. d4 Nf5 10. c3 Be6 11. Nd2 h6 12. Ne4 b6 13. b3 a5 14. Bb2 a4 15. bxa4 Ra5 16. Bd3 Nd6 17. Nd2 Qa8 18. Bc2 Bf6 19. Qf3 Rg5 20. Ne4 Nxe4 21. Bxe4 Bd5 22. Bc1 Bxe4 23. Rxe4 Rg6 24. Bf4 Bd8 25. Rae1 Qxa4 26. Qe2 Qb5 27. c4 Qf5 28. Bg3 Qd7 29. Bf4 Re6 30. Rxe6 Qxe6 31. Qxe6 fxe6 32. Be5 Rf7 33. Kf1 Rd7 34. Re3 Kf7 35. Ke2 Bf6 36. Rf3 Kg6 37. Bxf6 gxf6 38. Ke3 Rd8 39. Rg3+ Kf7 40. Rh3 Kg7 41. Rg3+ Kf7 42. Rh3 Ra8 43. Rxh6 Kg7 44. Rh3 Ra3+ 45. Ke4 Rxa2 46. Rg3+ Kf7 47. f3 Rc2 48. Kd3 Rc1 49. Rh3 Kg7 50. Rg3+ Kf8 51. Rh3 b5 52. Rh7 bxc4+ 53. Kd2 Rg1 54. g3 Rf1 55. Kc3 Rxf3+ 56. Kxc4 Rf2 57. Kd3 Kg8 58. Rxc7 Rxh2 59. Rxc6 Kf7 60. Rc7+ Kf8 61. Ke3 f5 62. Ra7 Rh1 63. Ke2 Rg1 64. Kf3 Rd1 65. Ke3 Re1+ 66. Kf4 Re4+ 67. Kg5 Rxd4 68. Kf6 Kg8 69. Kxe6 Rg4 70. Ra3 f4 71. gxf4 1/2-1/2

[Event "Amsterdam ACT op 2nd"]
[Site "Amsterdam"]
[Date "2005.07.24"]
[Round "9"]
[White "Peng, Zhaoqin"]
[Black "Monteban, Martijn"]
[Result "1-0"]
[WhiteElo "2405"]
[BlackElo "2260"]
[PlyCount "51"]
[EventDate "2005.07.16"]
[EventType "swiss"]
[EventRounds "9"]
[EventCountry "NED"]
[SourceTitle "CBM 107 Extra"]
[Source "ChessBase"]
[SourceDate "2005.09.01"]
[SourceVersion "1"]
[SourceVersionDate "2005.09.01"]
[SourceQuality "1"]

1. d4 d5 2. c4 dxc4 3. e4 Nc6 4. Nf3 Bg4 5. Bxc4 e6 6. Bb5 Nge7 7. Be3 Bxf3 8. gxf3 a6 9. Be2 Qd7 10. Na3 0-0-0 11. Nc2 g6 12. Qd3 Bg7 13. 0-0-0 f5 14. Qb3 Rhf8 15. Kb1 f4 16. d5 exd5 17. Bc5 d4 18. Qa4 Qe8 19. Bxa6 bxa6 20. Qxa6+ Kd7 21. Bxd4 Nxd4 22. Nxd4 c5 23. Ne6+ Bd4 24. Nxc5+ Kc7 25. Ne6+ Kb8 26. Rxd4 1-0

[Event "Amsterdam ACT op 1st"]
[Site "Amsterdam"]
[Date "2004.07.24"]
[Round "8"]
[White "Monteban, Martijn"]
[Black "Ris, Robert"]
[Result "1/2-1/2"]
[WhiteElo "2234"]
[BlackElo "2336"]
[PlyCount "76"]
[EventDate "2004.07.17"]
[EventType "swiss"]
[EventRounds "9"]
[EventCountry "NED"]
[SourceTitle "CBM 101 Extra"]
[Source "ChessBase"]
[SourceDate "2004.09.01"]
[SourceVersion "2"]
[SourceVersionDate "2004.09.01"]
[SourceQuality "1"]

1. d4 Nf6 2. Nf3 d5 3. c4 c6 4. Qc2 dxc4 5. Qxc4 Bf5 6. Nc3 Nbd7 7. g3 e6 8. Bg2 Be7 9. 0-0 Ne4 10. e3 0-0 11. Nd2 Nxc3 12. Qxc3 Bg6 13. Nb3 Qb6 14. e4 a5 15. Be3 Qb4 16. Qc2 a4 17. Nc1 h6 18. Nd3 Qa5 19. Rfd1 Rfd8 20. Bd2 Qb6 21. Bc3 Bh7 22. Qe2 Nf6 23. Rac1 Qb5 24. h3 Rac8 25. Qe3 Bf8 26. f3 Nd7 27. Bf1 Qb6 28. Qe1 Qa7 29. Kg2 Be7 30. Ba5 b6 31. Bc3 Bg5 32. f4 Be7 33. Kh2 c5 34. Bg2 Qa6 35. dxc5 Nxc5 36. Nxc5 Bxc5 37. Rxd8+ Rxd8 38. Rd1 Qc8 1/2-1/2

[Event "Amsterdam ACT op 1st"]
[Site "Amsterdam"]
[Date "2004.07.22"]
[Round "6"]
[White "Strating, Sybolt"]
[Black "Monteban, Martijn"]
[Result "1/2-1/2"]
[WhiteElo "2307"]
[BlackElo "2234"]
[PlyCount "25"]
[EventDate "2004.07.17"]
[EventType "swiss"]
[EventRounds "9"]
[EventCountry "NED"]
[SourceTitle "CBM 101 Extra"]
[Source "ChessBase"]
[SourceDate "2004.09.01"]
[SourceVersion "2"]
[SourceVersionDate "2004.09.01"]
[SourceQuality "1"]

1. c4 Nf6 2. d4 e6 3. Nf3 d5 4. Nc3 dxc4 5. e3 c5 6. Bxc4 a6 7. 0-0 Nc6 8. a3 cxd4 9. exd4 Be7 10. Bf4 0-0 11. Re1 b5 12. Ba2 b4 13. axb4 1/2-1/2

[Event "Amsterdam ACT op 1st"]
[Site "Amsterdam"]
[Date "2004.07.20"]
[Round "4"]
[White "Happel, Henk"]
[Black "Monteban, Martijn"]
[Result "0-1"]
[WhiteElo "2243"]
[BlackElo "2234"]
[PlyCount "40"]
[EventDate "2004.07.17"]
[EventType "swiss"]
[EventRounds "9"]
[EventCountry "NED"]
[SourceTitle "CBM 101 Extra"]
[Source "ChessBase"]
[SourceDate "2004.09.01"]
[SourceVersion "2"]
[SourceVersionDate "2004.09.01"]
[SourceQuality "1"]

1. d4 d5 2. c4 dxc4 3. e4 Nc6 4. Be3 Nf6 5. f3 e5 6. d5 Nd4 7. Bxd4 exd4 8. Bxc4 Bb4+ 9. Kf1 c5 10. dxc6 0-0 11. Ne2 Ng4 12. Qb3 Qh4 13. Ng3 Nxh2+ 14. Kg1 Qxg3 15. Rxh2 Bd6 16. Rh5 Qe1+ 17. Bf1 Bf4 18. Qd3 bxc6 19. Qe2 Qg3 20. Na3 g6 0-1